All Teams Ever to Play in the Rugby World Cup - Statistics

General Stats
  • This quiz has been taken 396 times
  • The average score is 22 of 26
Answer Stats
country record % Correct
Australia winner
99%
France finalist
99%
New Zealand winner
99%
England winner
98%
South Africa winner
97%
Ireland 1/4
96%
Scotland 1/2
96%
Wales 1/2
96%
Argentina 1/2
94%
Italy pool
93%
United States pool
93%
Fiji 1/4
91%
Samoa 1/4
90%
Spain pool
90%
Tonga pool
90%
Japan 1/4
88%
Portugal pool
88%
Canada 1/4
87%
Namibia pool
81%
Uruguay pool
81%
Chile debut 2023
78%
Russia pool
77%
Romania pool
76%
Georgia pool
71%
Zimbabwe pool
56%
Côte d'Ivoire pool
35%
No matching quizzes found
Score Distribution
Percent of People with Each Score
Percentile by Number Answered
Your Score History
You have not taken this quiz